Statystyki dla Państwa w I wojnie światowej

Kliknij tutaj aby rozwiązać quiz!

Ogólne statystyki

  • Ten quiz został rozwiązany 6,192 razy
  • Średni wynik to 14 z 21

Statystyki odpowiedzi

Zginęło Kraj % poprawnych
2 037 000Niemcy
99%
2 254 369Rosja
99%
1 397 800Francja
96%
960 036Wielka Brytania
93%
116 708Stany Zjednoczone
92%
1 494 200Austro-Węgry
90%
651 000Włochy
86%
4 661Japonia
80%
64 997Kanada
73%
450 000Serbia
67%
58 637Belgia
64%
26 000Grecja
64%
335 706Rumunia
60%
87 500Bułgaria
58%
771 844Imperium Osmańskie
57%
62 081Australia
56%
7 222Portugalia
53%
18 053Nowa Zelandia
36%
13 325Czarnogóra
31%
9 592Południowa Afryka
31%
1 570Nowa Fundlandia
4%

Rozkład punktacji

Percentyl według liczby udzielonych odpowiedzi

Procent ludzi z każdym wynikiem

Twoja historia wyników

Nie rozwiązałeś tego quizu